Labores propias de su sexo: género, polítícas y trabajo en Chile urbano, 1900-1930
Uloženo v:
| Hlavní autor: | |
|---|---|
| Médium: | Kniha |
| Jazyk: | španělština |
| Vydáno: |
Santiago, Chile
Lom Ediciones
2014
|
| Vydání: | Segunda edición |
| Edice: | Colección Historia
|
| Témata: | |
| On-line přístup: | Disponible Online - Cap. 4 pp.131-179 |
| Tagy: |
Přidat tag
Žádné tagy, Buďte první, kdo vytvoří štítek k tomuto záznamu!
|
MARC
| LEADER | 00000cam a2200000 a 4500 | ||
|---|---|---|---|
| 001 | UCC3099 | ||
| 003 | CL-VaPUC | ||
| 005 | 20240605075645.0 | ||
| 008 | 180413e20140000cl |||||||||||||||||spa|d | ||
| 999 | |c 370953 |d 370951 | ||
| 020 | |a 9789560005700 | ||
| 040 | |c Pontificia Universidad Católica de Valparaíso | ||
| 082 | 0 | 4 | |a 331.4983 HUT 2014 |2 21 |
| 100 | |a Hutchison, Elizabeth Quay |e author |9 501205 | ||
| 245 | 1 | 0 | |a Labores propias de su sexo: |b género, polítícas y trabajo en Chile urbano, 1900-1930 |
| 250 | |a Segunda edición | ||
| 260 | |a Santiago, Chile |b Lom Ediciones |c 2014 | ||
| 300 | |a 341 páginas | ||
| 440 | |a Colección Historia |9 856680 | ||
| 583 | |a last modification |c 20180413 15:45:00 |k Rodrigo Vera | ||
| 650 | 0 | |a Empleo de la mujer |2 CL-VaPUC |9 356258 |z Chile | |
| 650 | 0 | |a Lucha de género |2 CL-VaPUC |9 501206 |x Mujeres |z Chile | |
| 650 | 0 | |a Derechos de la mujer |z Chile |9 257074 | |
| 650 | 0 | |a Relaciones laborales |x Mujeres |z Chile |9 335971 | |
| 650 | 0 | |a Movimiento obrero |x Mujeres |z Chile |9 322899 | |
| 856 | |u https://bibliografiadigital.pucv.cl/index.php/bibliotecapucv/catalog/book/223 |y Disponible Online - Cap. 4 pp.131-179 | ||
| 942 | |c BK |2 ddc | ||
| 945 | |d 20180413 15:45:00 |a arojas | ||
| 952 | |0 0 |1 0 |2 ddc |3 erb |4 0 |6 331_498300000000000_HUT_2014 |7 0 |8 A |9 487756 |a BIBHIS |b BIBHIS |i 5464293 |l 15 |m 3 |o 331.4983 HUT 2014 |p 5464293 |r 2025-04-16 |s 2025-04-10 |t 1 |w 2019-11-24 |y BK |z Catalogado en:20180413 |k HIS | ||